Bank to European country - Statistics

General Stats
  • This quiz has been taken 28 times
  • The average score is 25 of 44
Answer Stats
Bank name Country % Correct
Bank of Valletta Malta
100%
Belarusbank Belarus
95%
Commerzbank Germany
95%
Credito Emiliano Italy
95%
Komercijalna Banka Skopje North Macedonia
95%
Banca Transilvania Romania
95%
Compagnie Monégasque de Banque Monaco
90%
Lloyds Bank United Kingdom
90%
Nova Ljubljanska banka Slovenia
86%
AlpenBank Austria
81%
Hrvatska poštanska banka Croatia
81%
BNP Paribas France
76%
Banque et Caisse d'Épargne de l'État Luxembourg
76%
Caixa Geral de Depósitos Portugal
76%
Andbank Andorra
71%
Jyske Bank Denmark
71%
Istituto per le Opere di Religione Vatican
71%
Banca del Titano San Marino
67%
Banco de Sabadell Spain
67%
Piraeus Bank Greece
62%
ING Bank Netherlands
62%
Komercijalna banka Budva Montenegro
57%
Voss Veksel- og Landmandsbank Norway
57%
Belfius Belgium
52%
Komerční Banka Czech Republic
52%
Handelsbanken Sweden
52%
Landsbankinn Iceland
43%
Moldindconbank Moldova
43%
Vojvođanska banka Serbia
43%
Šiaulių bankas Lithuania
38%
Migros Bank Switzerland
38%
Permanent TSB Ireland
33%
Sberbank Russia
33%
UniCredit Bulbank Bulgaria
29%
Bigbank Estonia
29%
OP Financial Group Finland
29%
Rietumu Banka Latvia
29%
LGT Bank Liechtenstein
29%
Getin Noble Bank Poland
29%
MagNet Bank Hungary
24%
MF Banka Bosnia and Herzegovina
19%
Tatra Banka Slovakia
19%
Credins Bank Albania
14%
Oschadbank Ukraine
14%
No matching quizzes found
Score Distribution
Percent of People with Each Score
Percentile by Number Answered
Your Score History
You have not taken this quiz